000 00612nam a2200217 a 4500
001 BRCA_6518
005 20190320205504.0
008 280911s1920----gw-a######---#000-0#ger-#
041 _ager
044 _agw
050 4 _aPT2611
_b.L47 W34
_c1920
100 1 _aFlemes, Bernhard
_d1875-1940
_916273
245 1 0 _aDas Waldhaus
_cBernhard Flemes; mit Buchschmuck von Erich Fricke.
260 _aHannover, Alemania
_bAdolf Sponholtz
_cc1920
300 _a79 p.
_bil., láminas
_c17 cm.
500 _aL55
650 1 4 _aLiteratura Alemana
_96160
700 1 _aFricke, Erich
_916274
902 _aGFM
942 _2lcc
_cB
999 _c6202
_d6202